Elaine Reichek (Record no. 1580)

MARC details
000 -LEADER
campo de control de longitud fija 00617nam a2200157 4500
008 - DATOS DE LONGITUD FIJA--INFORMACIÓN GENERAL
campo de control de longitud fija 708 R349a
020 ## - NÚMERO INTERNACIONAL ESTÁNDAR DEL LIBRO
Número Internacional Estándar del Libro 9074816215
082 ## - NÚMERO DE LA CLASIFICACIÓN DECIMAL DEWEY
Número de clasificación 708
Número de ítem R349a
100 ## - ENTRADA PRINCIPAL--NOMBRE DE PERSONA
Nombre de persona Reichek, Elaine
9 (RLIN) 6587
245 ## - MENCIÓN DEL TÍTULO
Título Elaine Reichek
260 ## - PUBLICACIÓN, DISTRIBUCIÓN, ETC.
Lugar de publicación, distribución, etc. Bruselas
Nombre del editor, distribuidor, etc. Societé des Expositions
Fecha de publicación, distribución, etc. 2000
300 ## - DESCRIPCIÓN FÍSICA
Extensión 82 p.
Otras características físicas ill (col)
Dimensiones 24.2 x 21 cm
505 ## - NOTA DE CONTENIDO CON FORMATO
Título Elaine Reichek:Memos for the New Millennium
-- Plates
-- At Home & in the World
Mención de responsabilidad Elaine Reichek
Título Plantes and sources
-- Biography and bibliography
650 ## - PUNTO DE ACCESO ADICIONAL DE MATERIA--TÉRMINO DE MATERIA
Subdivisión general arte contemporáneo
-- arte - exhibiciones
-- arte visual
-- arte - bordados
-- Estados Unidos
9 (RLIN) 6588
700 ## - ENTRADA AGREGADA--NOMBRE PERSONAL
Nombre de persona Champese, Marie-Thérèse
9 (RLIN) 6589
Holdings
Estatus retirado Estado de pérdida Fuente del sistema de clasificación o colocación Estado de daño No para préstamo Biblioteca de origen Biblioteca actual Ubicación en estantería Fecha de adquisición Total de préstamos Signatura topográfica completa Código de barras Visto por última vez Precio de reemplazo Tipo de ítem Koha
    Clasificación Decimal Dewey     Biblioteca LadoV Biblioteca LadoV   16/08/2018   708 R349a 001010 16/08/2018 16/08/2018 Material 01